000 00467nam a2200157Ia 4500
008 100122s9999 xx 000 0 und d
082 _b33903
_a823
100 _aशेळके उध्दव ज
245 _aसाहेब (मा.वि.9/3)
250 _a0
260 _bपुष्पक प्रकाशन
_c1975
300 _a487
630 _aसाहेब (मा.वि.9/3)
730 _aसाहेब (मा.वि.9/3)
942 _cBOOK
999 _c417828
_d417825